Most Popular Immigrant Languages Of the U.K. - Statistics

General Stats
  • This quiz has been taken 942 times
  • The average score is 8 of 15
Answer Stats
Answer % Correct
8) French
91%
11) Spanish
89%
9) Chinese
81%
7) Arabic
76%
1) Polish
75%
14) Italian
72%
10) Portuguese
58%
3) Urdu
56%
13) Turkish
54%
4) Bengali
45%
2) Punjabi
40%
12) Tamil
36%
5) Gujarati
21%
15) Somali
14%
6) Yoruba
13%
No matching quizzes found
Score Distribution
Percent of People with Each Score
Percentile by Number Answered
Your Score History
You have not taken this quiz